| 000 | 00860nam a2200241 a 4500 | ||
|---|---|---|---|
| 001 | 000003739 | ||
| 003 | DO-SdBNP | ||
| 005 | 20240409073638.0 | ||
| 007 | ta | ||
| 008 | 090713t19uu dr ac 001 0dspa d | ||
| 040 |
_aDO-SdBNP _bspa _cBNPHU |
||
| 082 | 4 |
_a972.93053 _bC322q _222 |
|
| 100 | 1 |
_aCartagena, Elvis D., _d1965- _911382 |
|
| 245 | 1 | 0 |
_a¿Quiénes? ¿cómo? y ¿por qué? mataron a Trujillo / _cElvis D. Cartagena. |
| 260 |
_a[Santo Domingo : _bs. n., _c199?]. |
||
| 300 |
_a59 p. : _bil., retrs. ; _c22 cm. |
||
| 590 | _aInventariado, 2020/MF | ||
| 600 | 1 | 4 |
_aTrujillo Molina, Rafael Leónidas, _d1891-1961 _xMuerte _910869 |
| 650 | 4 |
_aHomicidio político _zRepública Dominicana _911383 |
|
| 651 | 4 |
_aRepública Dominicana _xPolítica y gobierno _yEra de Trujillo, 1930-1961 _91374 |
|
| 910 | _aValidado. Control de calidad EMS. | ||
| 942 |
_2ddc _cLBS1 |
||
| 999 |
_c3561 _d3561 |
||